000 00578nam a22002057a 4500
003 OSt
005 20140310182351.0
008 130313t xxu||||| |||| 00| 0 eng d
020 _a9780385404976
050 _aQ 173
_b.Sc27se 1993
082 _aGS 500
_bSc17u 1993
245 _aScience explained :
_cthe world of science in everyday life /
260 _aLondon :
_bDoubleday,
_cc1993.
300 _c27 cm.
_a240 p. :
_bill, ;
504 _aincludes bibliographical and index.
541 _j1
562 _e1
650 _aScience.
_97100
942 _2lcc
_cBK-GS
999 _c12370
_d12370